Central Library OPAC University of Rajshahi

Detailed report on the census of manufacturing industries in Bangladesh for 1972-73 / (Record no. 62408)

MARC details
000 -LEADER
fixed length control field 00942nam a2200253 a 4500
001 - CONTROL NUMBER
control field 62408
003 - CONTROL NUMBER IDENTIFIER
rucl marc code BD-RjUL
005 - DATE AND TIME OF LATEST TRANSACTION
control field 20211209081101.0
008 - FIXED-LENGTH DATA ELEMENTS--GENERAL INFORMATION
fixed length control field 170212s1978 bg a |s o000 0 eng
020 ## - INTERNATIONAL STANDARD BOOK NUMBER
Terms of availability : Tk. 40.00 (inland)
035 ## - SYSTEM CONTROL NUMBER
System control number (BD-RjUL) 62534
040 ## - CATALOGING SOURCE
Original cataloging agency DLC
Transcribing agency DLC
Modifying agency DLC
-- BD-RjUL
Language of cataloging eng
041 ## - LANGUAGE CODE
Language code of text/sound track or separate title eng
082 ## - DEWEY DECIMAL CLASSIFICATION NUMBER
Edition number 23
Classification number 338.095492021
Author mark and year BAD 1978
110 1# - MAIN ENTRY--CORPORATE NAME
Corporate name or jurisdiction name as entry element Bangladesh Bureau of Statistics
9 (RLIN) 179266
245 10 - TITLE STATEMENT
Title Detailed report on the census of manufacturing industries in Bangladesh for 1972-73 /
Statement of responsibility, etc. Bangladesh Bureau of Statistics
260 ## - PUBLICATION, DISTRIBUTION, ETC. (IMPRINT)
Place of publication, distribution, etc. Dacca :
Name of publisher, distributor, etc. Bangladesh Bureau of Statistics,
Date of publication, distribution, etc. 1978
300 ## - PHYSICAL DESCRIPTION
Pagination [10], 395 p. :
Illustrations Ill. ;
Size 28 cm.
600 ## - SUBJECT ADDED ENTRY--PERSONAL NAME
Title of a work
650 ## - SUBJECT ADDED ENTRY--TOPICAL TERM
Topical term or geographic name as entry element Industrial statistics
Geographic subdivision Bangladesh
Chronological subdivision 1972-73
9 (RLIN) 190990
651 ## - SUBJECT ADDED ENTRY--GEOGRAPHIC NAME
Geographic name Bangladesh
General subdivision Manufactures
Form subdivision Statistics
Chronological subdivision 1972-73
9 (RLIN) 190991
Geographic subdivision Bangladesh
General subdivision Manufacturing Industries
Form subdivision Survey
-- Statistics
Chronological subdivision 1972-73
9 (RLIN) 190992
942 ## - ADDED ENTRY ELEMENTS (KOHA)
Source of classification or shelving scheme Dewey Decimal Classification
Koha item type Rare Books
Holdings
Lost status Source of classification or shelving scheme Damaged status Not for loan Collection code Permanent Location Current Location Shelving location Date acquired Source of acquisition Cost, normal purchase price Total Checkouts Full call number Date last seen Copy number Koha item type
  Dewey Decimal Classification   Not For Loan Rare Books Central Library, University of Rajshahi Central Library, University of Rajshahi Rare Book Section 23/07/1979 Neamat Book Shop, Rajshahi 40.00   RA 338.095492021 BAD 1978 13/02/2017 C-1 Rare Books